000 00493nam a2200205Ia 4500
008 210210b1967 xxu||||| |||| 00| 0 eng d
041 _aeng
082 _a828/766
100 _aCHURCHILL (R S)
245 _aWinston S Churchill: young statesman 1901-1914
260 _aLondon
_bWilliam Heinemann Ltd.
_c1967
650 _ayoung
650 _aWinston
650 _astatesman
650 _aS
650 _aChurchill:
650 _a1901-1914
690 _aBiography
906 _a016610
999 _c136220
_d136220